Jurisprudencia laboral dominicana durante el siglo XX y glosario de temas para búsquedas en el Código de Trabajo / (Registro nro. 13537)

Detalles MARC
000 -LIDER
fixed length control field 00958nam a22002537a 4500
003 - IDENTIFICACDOR DE NÚMERO DE CONTROL
control field DO-SdBNP
005 - DATE AND TIME OF LATEST TRANSACTION
control field 20210607132409.0
007 - CAMPOS FIJOS DE DESCRIPCIÓN FÍSICA
fixed length control field ta
008 - ELEMENTOS DE LONGITUD FIJA
fixed length control field 201208b2008 dr | 00| 0 spa d
020 ## - ISBN
International Standard Book Number 9789945415209
040 ## - FUENTE DE CATALOGACIÓN
Agencia que crea de manera original el registro BPMSU
Idioma de catalogación spa
Agencia que realiza la transcripción BPMSU
082 ## - NÚMERO DE CLASIFICACIÓN DECIMAL DE DEWEY
Classification number 344.01
Item number H557j 2008
Edition number 22
100 ## - ASIENTO PRINCIPAL -- NOMBRE PERSONAL
Nombre personal Hernández Contreras, Carlos
245 ## - MENCIÓN DE TITULO
Título Jurisprudencia laboral dominicana durante el siglo XX y glosario de temas para búsquedas en el Código de Trabajo /
Mención de responsabilidad prólogo Alexánder Godínez Vargas,
260 ## - PUBLICACIÓN, DISTRIBUCIÓN, ETC. (PIE DE IMPRENTA)
Lugar de publicación, distribución, etc Santiago de los Caballeros, República Dominicana :
Nombre del editor, distribuidor, etc. Pontificia Universidad Madre y Maestra,
Fecha de publicación, distribución, etc 2008
300 ## - DESCRIPCIÓN FÍSICA
Extensión 331 p. ;
Dimensiones 27 cm
590 ## - NOTA LOCAL
Enlace Inventariado, 2021/VM
650 #4 - ENCABEZAMIENTO DE MATERIA--TEMÁTICO
Término temático o nombre geográfico como elemento de entrada Jurisprudencia laboral
Subdivisión geográfica República Dominicana
Subdivisión cronológica Siglo XX
650 #4 - ENCABEZAMIENTO DE MATERIA--TEMÁTICO
Término temático o nombre geográfico como elemento de entrada Derecho laboral
Subdivisión geográfica República Dominicana
700 ## - ASIENTO SECUNDARIO -- NOMBRE PERSONAL
Nombre personal Godínez Vargas , Alexander .
Mención de responsabilidad pról.
710 ## - ASIENTO SECUNDARIO -- NOMBRE CORPORATIVO
Nombre corporativo o de jurisdicción Organización Internacional del Trabajo
910 ## - VALIDACIÓN
Validación VMateo
942 ## - ADDED ENTRY ELEMENTS (KOHA)
Source of classification or shelving scheme Dewey Decimal Classification
Koha item type Libros
Existencias
Withdrawn status Lost status Source of classification or shelving scheme Damaged status Not for loan Collection code Home library Current library Date acquired Source of acquisition Full call number Barcode Date last seen Price effective from Koha item type Copy number Coded location qualifier
    Dewey Decimal Classification     Colección Dominicana Biblioteca Pública Metropolitana Salomé Ureña Biblioteca Pública Metropolitana Salomé Ureña 05/26/2021 Copardom BPMSU CD 344.01 H557j 2008 BPMSU21050174 05/26/2021 05/26/2021 Libros    
    Dewey Decimal Classification     Colección Dominicana Biblioteca Pública Metropolitana Salomé Ureña Biblioteca Pública Metropolitana Salomé Ureña 05/26/2021 Copardom BPMSU CD 344.01 H557j 2008 BPMSU21060022 06/07/2021 05/26/2021 Libros e.2  
    Dewey Decimal Classification     Colección Dominicana Biblioteca Pública Metropolitana Salomé Ureña Biblioteca Pública Metropolitana Salomé Ureña 05/26/2021 Copardom BPMSU CD 344.01 H557j 2008 BPMSU21060023 06/07/2021 05/26/2021 Libros e.3